Rezidencia veľvyslanca

Salvato in:
Dettagli Bibliografici
Autore principale: Suláková, Lenka (Autore)
Altri autori: Hain, Vladimír (Relatore della tesi)
Natura: Manoscritto Libro
Lingua:slovacco
Pubblicazione: Bratislava 2019
Soggetti:
Accesso online:http://is.stuba.sk/zp/portal_zp.pl?podrobnosti=128196
Tags: Aggiungi Tag
Nessun Tag, puoi essere il primo ad aggiungerne!!

MARC

LEADER 00000ntm a22000003a 4500
001 stuzp73822
003 SK-STU
005 20200918091435.7
007 ta
008 150427s2015----xo-----f-mn---000-0-slo-d
040 |a STU  |b slo 
041 0 |a slo 
100 1 |a Suláková, Lenka  |u 054140  |4 aut  |U FAD Fakulta architektúry  |T FA Ústav konštrukcií v architektúre a inžinierskych stavieb  |X 82404  |U A4140  |Y 395  |7 82404 
242 0 1 |a Residence of Ambassador  |y eng 
245 1 0 |a Rezidencia veľvyslanca 
260 |c 2019  |a Bratislava 
650 4 |a rezidencia  |2 slo 
650 4 |a veľvyslanec  |2 slo 
650 4 |a átrium  |2 slo 
650 4 |a svetlík  |2 slo 
650 4 |a biela  |2 slo 
650 4 |a súkromie  |2 slo 
650 4 |a residence  |2 eng 
650 4 |a ambassador  |2 eng 
650 4 |a atrium  |2 eng 
650 4 |a skylight  |2 eng 
650 4 |a white  |2 eng 
650 4 |a privacy  |2 eng 
700 1 |a Hain, Vladimír  |u 054140  |k Z1  |4 ths  |U FAD Fakulta architektúry  |T FA Ústav konštrukcií v architektúre a inžinierskych stavieb  |X 27763  |U A4140  |Y 395  |7 A000027763 
856 4 |u http://is.stuba.sk/zp/portal_zp.pl?podrobnosti=128196  |u https://opac.crzp.sk/?fn=detailBiblioForm&sid=819BE1355532A4D3171D63AB1E91